[Event "I Torneo Hotel Petra B"]
[Site "Roma ITA"]
[Date "2004.03.13"]
[Round "7"]
[White "Scacco, Mauro"]
[Black "Astengo, Marcello"]
[Result "1-0"]
[WhiteElo "2090"]
[BlackElo "2072"]
[PlyCount "65"]
[EventDate "2004.03.08"]

1. e4 e6 2. Nf3 d5 3. e5 c5 4. b4 b6 5. a3 Ne7 6. c3 c4 7. d4 cxd3 8. Bxd3 Nec6
9. O-O Qc7 10. Re1 Nd7 11. Bf4 h6 12. h4 Be7 13. h5 Bb7 14. Nbd2 a6 15. c4 dxc4
16. Nxc4 b5 17. Nd6+ Bxd6 18. exd6 Qd8 19. Qd2 Nf6 20. Rad1 Nxh5 21. Rxe6+ fxe6
22. Bg6+ Kd7 23. Bxh5 a5 24. Qc3 Rg8 25. Bf7 axb4 26. axb4 Rc8 27. Qd3 Ba6 28.
Qe3 Qf6 29. Bxg8 Rxg8 30. Ne5+ Nxe5 31. Bxe5 Qf5 32. Qa7+ Kd8 33. Qc7+ 1-0

[Event "I Torneo Hotel Petra B"]
[Site "Roma ITA"]
[Date "2004.03.13"]
[Round "7"]
[White "Vocaturo, Daniele"]
[Black "Antoniacci, Riccardo"]
[Result "1-0"]
[WhiteElo "2154"]
[BlackElo "2062"]
[PlyCount "67"]
[EventDate "2004.03.08"]

1. e4 c5 2. Nf3 Nc6 3. d4 cxd4 4. Nxd4 g6 5. c4 Bg7 6. Be3 Nf6 7. Nc3 Ng4 8.
Qxg4 Nxd4 9. Qd1 Ne6 10. Rc1 Qa5 11. Bd3 b6 12. O-O g5 13. Bb1 Bb7 14. Qd2 Qe5
15. Rfd1 d6 16. b4 Rd8 17. f3 h5 18. Nb5 Ra8 19. c5 O-O 20. c6 Qxb5 21. cxb7
Rab8 22. Qd5 Qd7 23. Bxg5 Qxb7 24. Be3 Be5 25. Qd2 Kh8 26. f4 Bf6 27. Qe2 Ng7
28. e5 dxe5 29. Rc7 Qa8 30. Qc2 e4 31. Rxa7 Bd4 32. Rxa8 Bxe3+ 33. Kh1 Rxa8 34.
Qxe4 1-0

[Event "I Torneo Hotel Petra B"]
[Site "Roma ITA"]
[Date "2004.03.14"]
[Round "8"]
[White "Almonti, Alessandro"]
[Black "Scacco, Mauro"]
[Result "1/2-1/2"]
[WhiteElo "1894"]
[BlackElo "2090"]
[PlyCount "95"]
[EventDate "2004.03.08"]

1. e4 e5 2. d4 exd4 3. c3 d3 4. Nf3 Nc6 5. Bxd3 d6 6. h3 Nf6 7. Bf4 Be7 8. Nbd2
O-O 9. O-O Nd7 10. Nc4 Bf6 11. Qc2 Nc5 12. Rfe1 Re8 13. Rad1 Nxd3 14. Qxd3 Be6
15. Nd4 Nxd4 16. cxd4 d5 17. Nd2 c6 18. e5 Be7 19. Rc1 Qb6 20. Nb3 a5 21. Re2
Qa6 22. Qxa6 Rxa6 23. g4 Raa8 24. Be3 h5 25. f3 f6 26. Bf4 hxg4 27. hxg4 f5 28.
g5 Kf7 29. Rh2 Rh8 30. Rcc2 Rxh2 31. Rxh2 b6 32. Be3 a4 33. Nc1 a3 34. Nd3 axb2
35. Rxb2 Ra3 36. Rd2 f4 37. Nxf4 Bxg5 38. Re2 Bh6 39. Bc1 Rxf3 40. Nxe6 Bxc1
41. Nd8+ Ke8 42. Nxc6 Be3+ 43. Kh2 g5 44. Rb2 Rf2+ 45. Rxf2 Bxf2 46. Kg2 Be3
47. Kf3 Bd2 48. e6 1/2-1/2

[Event "I Torneo Hotel Petra B"]
[Site "Roma ITA"]
[Date "2004.03.14"]
[Round "8"]
[White "Antoniacci, Riccardo"]
[Black "Di Lazzaro, Gabriele"]
[Result "1-0"]
[WhiteElo "2062"]
[BlackElo "1990"]
[PlyCount "107"]
[EventDate "2004.03.08"]

1. e4 c5 2. Nf3 d6 3. d4 cxd4 4. Nxd4 Nf6 5. Nc3 Nc6 6. Bg5 e6 7. Qd2 Be7 8.
O-O-O O-O 9. f3 h6 10. Be3 Nxd4 11. Qxd4 e5 12. Qd2 a6 13. g4 Nh7 14. Nd5 Bg5
15. Bxg5 Nxg5 16. Qe3 b5 17. h4 Ne6 18. Bh3 Qxh4 19. g5 Qxg5 20. Qxg5 Nxg5 21.
Ne7+ Kh7 22. Bxc8 Rfxc8 23. Nxc8 Rxc8 24. Rhf1 Rc6 25. c3 Kg6 26. Kd2 Kf6 27.
Ke3 Ne6 28. Rh1 Nf4 29. Ra1 a5 30. Rac1 Ne6 31. Rh2 Ke7 32. Rhc2 Kf6 33. b4 a4
34. c4 Rb6 35. cxb5 Rxb5 36. a3 Nd4 37. Rc8 Rb7 38. Ra8 Nb3 39. Rc3 Nd4 40.
Rxa4 Ke7 41. Ra8 g6 42. Rc4 Ne6 43. a4 Nd4 44. b5 h5 45. Rac8 Ne6 46. R4c6 h4
47. b6 h3 48. a5 Nf4 49. a6 h2 50. Rh8 Nh5 51. Rc1 Rxb6 52. a7 Rb3+ 53. Kd2 Ra3
54. a8=Q 1-0

[Event "I Torneo Hotel Petra B"]
[Site "Roma ITA"]
[Date "2004.03.14"]
[Round "8"]
[White "Verrascina, Nicola"]
[Black "Vocaturo, Daniele"]
[Result "0-1"]
[WhiteElo "2086"]
[BlackElo "2154"]
[PlyCount "140"]
[EventDate "2004.03.08"]

1. d4 Nf6 2. Bg5 Ne4 3. h4 c5 4. dxc5 Qa5+ 5. Nd2 h6 6. Bf4 e5 7. Be3 Nxc5 8.
c3 Qc7 9. Ngf3 Ne6 10. Nb3 Be7 11. g3 b6 12. Bg2 Bb7 13. O-O d5 14. Nh2 O-O 15.
Bxd5 Rd8 16. c4 Bxd5 17. cxd5 Qb7 18. Qc2 Rxd5 19. Rad1 Na6 20. Rxd5 Nb4 21.
Qe4 Qxd5 22. Qxd5 Nxd5 23. Bd2 a5 24. e4 Nf6 25. Bc3 Nxe4 26. Bxe5 f6 27. Bc3
Nxc3 28. bxc3 Rc8 29. Re1 Kf7 30. Re3 Nc7 31. c4 Ne6 32. Nd2 Rd8 33. Nhf1 Bb4
34. Ne4 f5 35. Nc3 Rd4 36. Nd5 Bc5 37. Rc3 b5 38. Nfe3 b4 39. Rc2 f4 40. Nf5
Re4 41. g4 g6 42. Nxh6+ Kg7 43. g5 Nd4 44. Rb2 Nf3+ 45. Kg2 Nxh4+ 46. Kh3 Nf3
47. Kg4 Ne5+ 48. Kh3 Rxc4 49. Re2 Bd6 50. Rd2 Nf3 51. Rd3 Nxg5+ 52. Kg4 Kxh6
53. f3 Rc1 54. Nf6 Rg1+ 55. Kh4 Nxf3+ 56. Rxf3 Be7 57. Rxf4 g5+ 58. Kh3 gxf4
59. Ng4+ Kh5 60. Nf2 Rg3+ 61. Kh2 Rf3 62. Nh1 Rf1 63. Kg2 Rxh1 64. Kxh1 Kg4 65.
Kg2 f3+ 66. Kf2 Bc5+ 67. Kf1 Kg3 68. Ke1 f2+ 69. Kf1 Kf3 70. a4 Ke3 0-1

[Event "I Torneo Hotel Petra B"]
[Site "Roma ITA"]
[Date "2004.03.15"]
[Round "9"]
[White "Astengo, Marcello"]
[Black "Almonti, Alessandro"]
[Result "1-0"]
[WhiteElo "2072"]
[BlackElo "1894"]
[PlyCount "101"]
[EventDate "2004.03.08"]

1. d4 f5 2. c4 Nf6 3. Nc3 d6 4. Bg5 Nbd7 5. Qa4 c6 6. e3 g6 7. Nh3 Bg7 8. Nf4
Nb6 9. Qb3 e5 10. dxe5 dxe5 11. c5 exf4 12. cxb6 Qxb6 13. Bc4 Qxb3 14. Bxb3
fxe3 15. Bxe3 Ne4 16. Nxe4 fxe4 17. O-O-O Bf5 18. Rhe1 Be5 19. f3 b6 20. g4 Bd7
21. Bg5 h6 22. Rxe4 hxg5 23. Rxe5+ Kd8 24. Be6 Rh7 25. Rxg5 Kc7 26. Bxd7 Rxd7
27. Rxd7+ Kxd7 28. Rxg6 Rh8 29. f4 Rxh2 30. f5 a5 31. g5 Rf2 32. Rg7+ Ke8 33.
f6 Kf8 34. Kb1 b5 35. a3 b4 36. axb4 axb4 37. Ka2 c5 38. Kb3 Rf4 39. Rc7 Rf5
40. Rg7 Rf4 41. Ka4 Rf5 42. Kb5 Ke8 43. Kc6 c4 44. Kd6 Rf2 45. Rc7 c3 46. bxc3
bxc3 47. Rxc3 Rd2+ 48. Ke6 Re2+ 49. Kf5 Kd7 50. Kg6 Rf2 51. Re3 1-0

[Event "I Torneo Hotel Petra B"]
[Site "Roma ITA"]
[Date "2004.03.15"]
[Round "9"]
[White "Barletta, Antonio"]
[Black "Antoniacci, Riccardo"]
[Result "1-0"]
[WhiteElo "2083"]
[BlackElo "2062"]
[PlyCount "47"]
[EventDate "2004.03.08"]

1. e4 c5 2. Nf3 Nc6 3. Bb5 g6 4. c3 Qa5 5. Na3 Nf6 6. Qe2 Bg7 7. O-O O-O 8. e5
Nd5 9. Qe4 Nc7 10. Be2 Ne6 11. d4 cxd4 12. cxd4 d5 13. exd6 exd6 14. d5 Nc5 15.
Qh4 Ne5 16. Nxe5 Bxe5 17. Nc4 Qd8 18. Bg5 f6 19. Be3 f5 20. Qxd8 Rxd8 21. Nxe5
dxe5 22. Bxc5 b6 23. Be7 Rd7 24. d6 1-0

[Event "I Torneo Hotel Petra B"]
[Site "Roma ITA"]
[Date "2004.03.15"]
[Round "9"]
[White "Di Lazzaro, Gabriele"]
[Black "Verrascina, Nicola"]
[Result "1-0"]
[WhiteElo "1990"]
[BlackElo "2086"]
[PlyCount "61"]
[EventDate "2004.03.08"]

1. e4 Nc6 2. Nf3 Nf6 3. e5 Ng4 4. d4 d6 5. h3 Nh6 6. Bxh6 gxh6 7. exd6 Qxd6 8.
c3 Bf5 9. Nbd2 O-O-O 10. Nc4 Qe6+ 11. Ne3 Be4 12. Bc4 Qf6 13. Nd2 Bg6 14. Qg4+
e6 15. Ne4 Qe7 16. Nc5 Bg7 17. Qf3 e5 18. Ba6 e4 19. Bxb7+ Kb8 20. Qe2 Nxd4 21.
Qc4 Ne6 22. Nxe6 Qxe6 23. Bd5 Qb6 24. O-O f5 25. a4 a6 26. Ra3 Kc8 27. Rb3 Qd6
28. Be6+ Rd7 29. Rd1 Qxd1+ 30. Nxd1 Rhd8 31. Qxa6# 1-0

[Event "I Torneo Hotel Petra A"]
[Site "Roma ITA"]
[Date "2004.03.08"]
[Round "1"]
[White "Cavatorta, Fosco"]
[Black "Corvi, Marco"]
[Result "0-1"]
[WhiteElo "2088"]
[BlackElo "2295"]
[PlyCount "90"]
[EventDate "2004.03.08"]

1. d4 f5 2. Bf4 Nf6 3. e3 e6 4. Nf3 Be7 5. h3 d6 6. Bd3 Nc6 7. c3 Bd7 8. Nbd2
d5 9. Qe2 a6 10. Ne5 Nxe5 11. Bxe5 Bd6 12. f4 Qe7 13. Bxf6 gxf6 14. Qh5+ Qf7
15. Qxf7+ Kxf7 16. g4 fxg4 17. hxg4 Rag8 18. Be2 e5 19. fxe5 fxe5 20. Rg1 e4
21. O-O-O Rg5 22. c4 c6 23. Nb1 b5 24. cxd5 cxd5 25. a3 a5 26. b3 Rhg8 27.
Rdf1+ Kg7 28. Kb2 b4 29. a4 Rf8 30. Rxf8 Kxf8 31. Nd2 Kg7 32. Rh1 h6 33. Rh4
Bg3 34. Rh5 Rxh5 35. gxh5 Kf6 36. Kc2 Kg5 37. Nf1 Bd6 38. Kd2 Bg4 39. Bb5 Kxh5
40. Be8+ Kh4 41. Bf7 Kh3 42. Ke1 Kg2 43. Bxd5 Bf3 44. Bc4 h5 45. Kd2 h4 0-1

[Event "I Torneo Hotel Petra A"]
[Site "Roma ITA"]
[Date "2004.03.08"]
[Round "1"]
[White "Fayard, Alain"]
[Black "Tribuiani, Renato"]
[Result "1-0"]
[WhiteElo "2256"]
[BlackElo "2099"]
[PlyCount "67"]
[EventDate "2004.03.08"]

1. e4 e6 2. d3 c5 3. g3 g6 4. Bg2 Bg7 5. Nd2 Nc6 6. Ngf3 Nge7 7. O-O O-O 8. Nh4
b5 9. f4 f5 10. c3 Bb7 11. Ndf3 b4 12. c4 a5 13. e5 d6 14. Ng5 Qd7 15. exd6
Qxd6 16. Re1 e5 17. fxe5 Bxe5 18. Nhf3 Bf6 19. Bf4 Qd7 20. Ne6 Bxb2 21. Nxc5
Qc8 22. Ne6 Rf6 23. Nc5 Nd4 24. Nxb7 Qxb7 25. Rb1 Nxf3+ 26. Bxf3 Bd4+ 27. Kg2
Nc6 28. Bd5+ Kg7 29. Bg5 Rf7 30. Qf3 Rc7 31. Bxc6 Qxc6 32. Re7+ Rxe7 33. Qxc6
Re2+ 34. Kh3 1-0

[Event "I Torneo Hotel Petra A"]
[Site "Roma ITA"]
[Date "2004.03.08"]
[Round "1"]
[White "Naumkin, Igor"]
[Black "Marzano, Carlo"]
[Result "1-0"]
[WhiteElo "2416"]
[BlackElo "2228"]
[PlyCount "75"]
[EventDate "2004.03.08"]

1. d4 Nf6 2. Nf3 g6 3. c4 Bg7 4. Nc3 O-O 5. e4 d6 6. Be2 e5 7. d5 Na6 8. Bg5 h6
9. Bh4 g5 10. Bg3 Nxe4 11. Nxe4 f5 12. Nfd2 fxe4 13. Nxe4 Bf5 14. Bd3 g4 15.
O-O h5 16. f3 Bxe4 17. Bxe4 Nc5 18. Bc2 e4 19. fxg4 Rxf1+ 20. Qxf1 hxg4 21. Re1
Bxb2 22. Bxe4 Bd4+ 23. Kh1 Qg5 24. Bc2 Bc3 25. Rd1 Re8 26. Qf2 Ne4 27. Bxe4
Rxe4 28. Qxa7 Rxc4 29. Qxb7 Bb4 30. Qc8+ Kh7 31. Qd7+ Kh8 32. Bf2 Bc5 33. Qc8+
Kh7 34. Qxc7+ Kh8 35. Re1 Rc1 36. Bd4+ Kg8 37. Qc8+ Kf7 38. Qe8# 1-0

[Event "I Torneo Hotel Petra A"]
[Site "Roma ITA"]
[Date "2004.03.08"]
[Round "1"]
[White "Ortega, Lexy"]
[Black "Jones, Gawain C.B."]
[Result "1/2-1/2"]
[WhiteElo "2454"]
[BlackElo "2387"]
[PlyCount "46"]
[EventDate "2004.03.08"]

1. Nf3 c5 2. c4 Nf6 3. Nc3 Nc6 4. d4 cxd4 5. Nxd4 g6 6. e4 d6 7. Be2 Bg7 8. Be3
O-O 9. O-O Nxd4 10. Bxd4 Be6 11. f4 Rc8 12. b3 a6 13. Qd3 Re8 14. a4 Bg4 15. e5
Bf5 16. Qe3 Nd7 17. Nd5 e6 18. Nf6+ Nxf6 19. exf6 Bh6 20. Qg3 e5 21. fxe5 dxe5
22. Bxe5 Qd2 23. Rxf5 Qe3+ 1/2-1/2

[Event "I Torneo Hotel Petra A"]
[Site "Roma ITA"]
[Date "2004.03.08"]
[Round "1"]
[White "Piscopo, Pierluigi"]
[Black "Sibilio, Mario"]
[Result "1/2-1/2"]
[WhiteElo "2318"]
[BlackElo "2361"]
[PlyCount "63"]
[EventDate "2004.03.08"]

1. e4 c5 2. Nf3 Nc6 3. Nc3 Nf6 4. Bb5 e5 5. Bxc6 dxc6 6. Nxe5 Nxe4 7. Nxe4 Qd4
8. Qe2 Qxe5 9. f4 Qe6 10. f5 Qe5 11. d4 cxd4 12. O-O d3 13. Qxd3 Be7 14. Bf4
Qd5 15. Qe3 O-O 16. Rad1 Qa5 17. f6 gxf6 18. Bh6 Bf5 19. Qg3+ Bg6 20. Bxf8 Kxf8
21. Nxf6 Qb6+ 22. Kh1 Qxb2 23. Nd7+ Kg8 24. Qe5 Qxe5 25. Nxe5 Bxc2 26. Rd7 Re8
27. Rxb7 Be4 28. Re1 f5 29. Re3 Bh4 30. Nf3 Bf2 31. Re2 Bb6 32. h3 1/2-1/2

[Event "I Torneo Hotel Petra A"]
[Site "Roma ITA"]
[Date "2004.03.08"]
[Round "1"]
[White "Russo, Carmelo"]
[Black "Tomescu, Vlad"]
[Result "0-1"]
[WhiteElo "1447"]
[BlackElo "2419"]
[PlyCount "82"]
[EventDate "2004.03.08"]

1. Nf3 Nf6 2. g3 g6 3. b4 Bg7 4. Bb2 O-O 5. Bg2 d6 6. O-O e5 7. d3 c6 8. Nbd2
h6 9. c4 Be6 10. Qc2 Na6 11. a3 Re8 12. Rac1 Qe7 13. e4 Nd7 14. d4 Bg4 15. b5
Nc7 16. dxe5 dxe5 17. a4 Ne6 18. h3 Bxf3 19. Nxf3 Rac8 20. Rfd1 Red8 21. Bc3 c5
22. a5 Nd4 23. Qb2 Bf8 24. Kh1 Qe6 25. Nd2 h5 26. Kh2 h4 27. g4 Bh6 28. Bxd4
cxd4 29. Rc2 Bxd2 30. Rdxd2 Rxc4 31. Rxc4 Qxc4 32. Rc2 Qa4 33. a6 bxa6 34. Bf1
axb5 35. Bxb5 Qa5 36. Bxd7 Rxd7 37. Rc8+ Rd8 38. Rc6 d3 39. Rf6 Qc7 40. Qb3 Kg7
41. Rf3 d2 0-1

[Event "I Torneo Hotel Petra A"]
[Site "Roma ITA"]
[Date "2004.03.09"]
[Round "2"]
[White "Cavatorta, Fosco"]
[Black "Ortega, Lexy"]
[Result "0-1"]
[WhiteElo "2088"]
[BlackElo "2454"]
[PlyCount "86"]
[EventDate "2004.03.08"]

1. d4 Nf6 2. Nf3 e6 3. Bf4 b6 4. e3 Bb7 5. Bd3 d6 6. Nbd2 Nbd7 7. h3 g6 8. Qe2
Bg7 9. c3 a6 10. e4 h6 11. Bh2 Nh7 12. O-O e5 13. dxe5 dxe5 14. Nc4 Qe7 15. b4
Ng5 16. Rad1 Nxf3+ 17. Qxf3 O-O 18. Qe2 Rfd8 19. Ne3 Nf6 20. f3 c5 21. b5 c4
22. Bxc4 axb5 23. Bxb5 Qc5 24. c4 Rd4 25. Kh1 Ra3 26. Bg1 Nh5 27. Bh2 Rxe3 28.
Qxe3 Rxd1 29. Qxc5 Rxf1+ 30. Qg1 Rxg1+ 31. Bxg1 Ng3+ 32. Kh2 Ne2 33. Bxb6 Nd4
34. a4 Bf8 35. Kg3 Ne6 36. a5 Bc5 37. Bxc5 Nxc5 38. Kf2 f5 39. exf5 gxf5 40. g4
f4 41. h4 Kg7 42. Ke2 Kf6 43. Be8 Nb3 0-1

[Event "I Torneo Hotel Petra A"]
[Site "Roma ITA"]
[Date "2004.03.09"]
[Round "2"]
[White "Jones, Gawain C.B."]
[Black "Fayard, Alain"]
[Result "1-0"]
[WhiteElo "2387"]
[BlackElo "2256"]
[PlyCount "115"]
[EventDate "2004.03.08"]

1. e4 e5 2. Nf3 Nc6 3. Nc3 Nf6 4. Bb5 Bb4 5. O-O O-O 6. d3 d6 7. Bg5 Ne7 8. Nh4
c6 9. Ba4 d5 10. Bxf6 gxf6 11. Qf3 Ng6 12. Nf5 Bxc3 13. bxc3 Bxf5 14. exf5 Ne7
15. d4 Kh8 16. Rae1 a5 17. a3 Qd6 18. Qh5 Rg8 19. Qxf7 Rg7 20. Qe6 Qxe6 21.
fxe6 Ng6 22. c4 dxc4 23. c3 Nh4 24. Kh1 Nxg2 25. Re4 Nf4 26. dxe5 fxe5 27. Rxe5
Rag8 28. Re3 Re7 29. Re4 Nd5 30. Bc2 Rge8 31. Rh4 Nxc3 32. Rg1 Nd5 33. f4 Rg8
34. Re1 Nf6 35. f5 b5 36. Rd4 Reg7 37. Bd1 c5 38. Rh4 Re7 39. a4 Rg5 40. axb5
Rxf5 41. Rxc4 Nd7 42. Bc2 Rf2 43. Bd3 Rd2 44. Bf5 Rd5 45. Bh3 Ne5 46. Rce4 Nf3
47. Rf1 Nd2 48. Rf8+ Kg7 49. Ref4 c4 50. R8f7+ Rxf7 51. Rxf7+ Kg6 52. Rd7 Rd3
53. Bf5+ Kxf5 54. Rxd3 Ne4 55. e7 cxd3 56. e8=Q d2 57. Qh5+ Kf4 58. Kg2 1-0

[Event "I Torneo Hotel Petra A"]
[Site "Roma ITA"]
[Date "2004.03.09"]
[Round "2"]
[White "Sibilio, Mario"]
[Black "Naumkin, Igor"]
[Result "1/2-1/2"]
[WhiteElo "2361"]
[BlackElo "2416"]
[PlyCount "80"]
[EventDate "2004.03.08"]

1. e4 e5 2. Nf3 Nc6 3. Bb5 a6 4. Ba4 Nf6 5. d3 b5 6. Bb3 Be7 7. O-O O-O 8. a4
Rb8 9. axb5 axb5 10. Nc3 d6 11. h3 h6 12. Bd2 Re8 13. Nd5 Bf8 14. c3 Nxd5 15.
Bxd5 Ne7 16. Bb3 Ng6 17. Ra7 Be6 18. d4 Rc8 19. Bxe6 Rxe6 20. d5 Re8 21. Ne1
Ne7 22. Qg4 c6 23. dxc6 Qb6 24. Be3 Qxc6 25. Nd3 h5 26. Qf3 f5 27. Nb4 Qxe4 28.
Qxe4 fxe4 29. Rd1 Ra8 30. Rda1 Rxa7 31. Rxa7 d5 32. Rd7 d4 33. cxd4 exd4 34.
Bxd4 Nf5 35. Bc3 e3 36. fxe3 Nxe3 37. Kf2 Nc4 38. Rd5 Bxb4 39. Bxb4 Nxb2 40.
Rxb5 Nd3+ 1/2-1/2

[Event "I Torneo Hotel Petra A"]
[Site "Roma ITA"]
[Date "2004.03.09"]
[Round "2"]
[White "Tomescu, Vlad"]
[Black "Piscopo, Pierluigi"]
[Result "1/2-1/2"]
[WhiteElo "2419"]
[BlackElo "2318"]
[PlyCount "58"]
[EventDate "2004.03.08"]

1. d4 Nf6 2. c4 c5 3. d5 e6 4. Nc3 exd5 5. cxd5 d6 6. e4 g6 7. f4 Bg7 8. Bb5+
Nfd7 9. a4 Qh4+ 10. g3 Qe7 11. Nf3 O-O 12. O-O Na6 13. Re1 Nb4 14. Qb3 Nb8 15.
Kg2 Bg4 16. Ng1 N8a6 17. Bd2 Bd7 18. Bf1 Nc7 19. h3 a6 20. Nf3 b5 21. a5 Rad8
22. Nd1 Bc8 23. Bxb4 cxb4 24. Qxb4 Qd7 25. Ne3 Qxh3+ 26. Kf2 Qd7 27. f5 Ne8 28.
g4 Qa7 29. Bd3 Nf6 1/2-1/2

[Event "I Torneo Hotel Petra A"]
[Site "Roma ITA"]
[Date "2004.03.09"]
[Round "2"]
[White "Tribuiani, Renato"]
[Black "Russo, Carmelo"]
[Result "1-0"]
[WhiteElo "2099"]
[BlackElo "1447"]
[PlyCount "107"]
[EventDate "2004.03.08"]

1. e3 c5 2. f4 Nf6 3. b3 d5 4. Nf3 Nc6 5. Bb5 Bg4 6. Bxc6+ bxc6 7. d3 g6 8.
Nbd2 Bg7 9. Bb2 O-O 10. O-O a5 11. a4 Qb6 12. Qe1 Qc7 13. Be5 Qb7 14. Qh4 Qd7
15. Rae1 Qf5 16. h3 Bxf3 17. Rxf3 Qh5 18. Bxf6 Bxf6 19. Qxh5 gxh5 20. g3 Kh8
21. Kf2 Bc3 22. Ke2 f5 23. Rg1 Rg8 24. h4 Raf8 25. Nb1 Bf6 26. Rh1 e5 27. Rh3
e4 28. dxe4 dxe4 29. Rf1 Rd8 30. Nd2 Bc3 31. Nc4 Rd5 32. Rd1 Rgd8 33. Rhh1 Rg8
34. Kf2 Rgd8 35. Ke2 Rg8 36. Rhg1 Rgd8 37. Rxd5 cxd5 38. Rd1 Kg7 39. Nb6 d4 40.
Nc4 Rc8 41. Nd6 Rf8 42. Nb5 d3+ 43. cxd3 Bf6 44. dxe4 fxe4 45. Nd6 Rb8 46. Nxe4
Rxb3 47. Rd7+ Kg6 48. Rd6 Rb2+ 49. Kf3 c4 50. Rxf6+ Kg7 51. Rf5 Rb3 52. Rxa5 c3
53. Rc5 Ra3 54. Nxc3 1-0

[Event "I Torneo Hotel Petra A"]
[Site "Roma ITA"]
[Date "2004.03.09"]
[Round "3"]
[White "Fayard, Alain"]
[Black "Cavatorta, Fosco"]
[Result "1-0"]
[WhiteElo "2256"]
[BlackElo "2088"]
[PlyCount "67"]
[EventDate "2004.03.08"]

1. e4 d6 2. d4 Nf6 3. f3 e5 4. Ne2 Be7 5. Be3 a6 6. g4 Nfd7 7. Qd2 exd4 8. Nxd4
Ne5 9. Be2 Bh4+ 10. Kd1 g6 11. Nc3 b5 12. a3 c5 13. Nb3 Nc4 14. Bxc4 bxc4 15.
Qd5 Ra7 16. Qxc4 Nc6 17. Nd5 Ne5 18. Qc3 f6 19. Rf1 Bd7 20. a4 O-O 21. h3 Re8
22. f4 Nxg4 23. hxg4 Bxg4+ 24. Kc1 Rxe4 25. Nd2 Re6 26. b3 f5 27. Kb2 Qd7 28.
Rh1 Bd8 29. Rae1 h5 30. Bf2 Rb7 31. Qc4 Qf7 32. Rxe6 Qxe6 33. Re1 Qf7 34. Re8+
1-0

[Event "I Torneo Hotel Petra A"]
[Site "Roma ITA"]
[Date "2004.03.09"]
[Round "3"]
[White "Marzano, Carlo"]
[Black "Sibilio, Mario"]
[Result "0-1"]
[WhiteElo "2228"]
[BlackElo "2361"]
[PlyCount "96"]
[EventDate "2004.03.08"]

1. c4 e6 2. Nc3 Bb4 3. Nf3 Nf6 4. Qc2 O-O 5. a3 Bxc3 6. Qxc3 b6 7. g3 Bb7 8.
Bg2 d6 9. O-O Re8 10. b4 Nbd7 11. Bb2 c5 12. d4 cxb4 13. axb4 a5 14. bxa5 bxa5
15. Nd2 Bxg2 16. Kxg2 e5 17. e3 Qc7 18. Kg1 exd4 19. exd4 d5 20. Ra4 Nb6 21.
Rxa5 Na4 22. Rxa8 Nxc3 23. Rxe8+ Nxe8 24. Bxc3 dxc4 25. Rc1 h5 26. h4 Nf6 27.
Bb2 Qb7 28. Ba1 Ne4 29. Nxc4 Qb3 30. Kg2 Qd3 31. Ne5 Qe2 32. Rf1 Nd2 33. Rg1 f6
34. Bc3 Ne4 35. Be1 fxe5 36. dxe5 Kf7 37. Rf1 Ke6 38. Kg1 Qf3 39. Ba5 g5 40.
hxg5 h4 41. gxh4 Qg4+ 42. Kh2 Qxh4+ 43. Kg2 Qg4+ 44. Kh1 Qh3+ 45. Kg1 Nxg5 46.
f4 Qg3+ 47. Kh1 Nf3 48. f5+ Kxf5 0-1

[Event "I Torneo Hotel Petra A"]
[Site "Roma ITA"]
[Date "2004.03.09"]
[Round "3"]
[White "Naumkin, Igor"]
[Black "Tomescu, Vlad"]
[Result "1/2-1/2"]
[WhiteElo "2416"]
[BlackElo "2419"]
[PlyCount "40"]
[EventDate "2004.03.08"]

1. d4 d5 2. c4 e6 3. Nc3 Nf6 4. Bg5 Nbd7 5. Nf3 c6 6. e3 Be7 7. Rc1 O-O 8. Bd3
dxc4 9. Bxc4 Nd5 10. Bxe7 Qxe7 11. Ne4 N5f6 12. Nxf6+ Qxf6 13. O-O b6 14. e4
Bb7 15. Qe2 Rfd8 16. Rfd1 c5 17. Bb5 a6 18. Bxd7 Rxd7 19. dxc5 Rxd1+ 20. Rxd1
bxc5 1/2-1/2

[Event "I Torneo Hotel Petra A"]
[Site "Roma ITA"]
[Date "2004.03.09"]
[Round "3"]
[White "Ortega, Lexy"]
[Black "Corvi, Marco"]
[Result "1-0"]
[WhiteElo "2454"]
[BlackElo "2295"]
[PlyCount "79"]
[EventDate "2004.03.08"]

1. d4 f5 2. Nc3 Nf6 3. Bg5 Ne4 4. Nxe4 fxe4 5. e3 d5 6. f3 Bf5 7. fxe4 dxe4 8.
Ne2 Nc6 9. Nc3 Qd7 10. d5 Ne5 11. Bf4 Nf7 12. Nb5 Nd6 13. Bxd6 exd6 14. Nd4 Bg4
15. Be2 Bxe2 16. Qxe2 O-O-O 17. O-O g6 18. Ne6 Re8 19. Rf2 Bg7 20. c4 b6 21.
Raf1 Bh6 22. b3 Kb7 23. Qg4 Bxe3 24. Nc5+ bxc5 25. Qxd7 Rd8 26. Qe7 Rde8 27.
Qh4 Rhf8 28. Kh1 Bxf2 29. Rxf2 e3 30. Rxf8 Rxf8 31. Qe1 Re8 32. Qe2 Re5 33. Kg1
h5 34. h4 Kb6 35. g3 Kb7 36. Kg2 Kc8 37. Kf1 Kb7 38. Ke1 Kc8 39. Qf3 Rf5 40.
Qe4 1-0

[Event "I Torneo Hotel Petra A"]
[Site "Roma ITA"]
[Date "2004.03.09"]
[Round "3"]
[White "Piscopo, Pierluigi"]
[Black "Tribuiani, Renato"]
[Result "1-0"]
[WhiteElo "2318"]
[BlackElo "2099"]
[PlyCount "89"]
[EventDate "2004.03.08"]

1. e4 Nc6 2. Nc3 g6 3. d4 d6 4. h3 Bg7 5. Nf3 a6 6. Be3 e5 7. dxe5 Nxe5 8. Nxe5
Bxe5 9. Qd2 Be6 10. Be2 Qd7 11. f4 Bg7 12. g4 f5 13. exf5 gxf5 14. O-O-O O-O-O
15. Bd4 Kb8 16. g5 Bxd4 17. Qxd4 Ne7 18. Rhe1 Nc6 19. Qf6 Rhf8 20. Qh6 Bg8 21.
Bf3 Rfe8 22. Bd5 Rxe1 23. Rxe1 Re8 24. Rd1 Ne7 25. Qg7 Kc8 26. Bxg8 Nxg8 27.
Qd4 Ne7 28. h4 Qe6 29. h5 Nc6 30. Qg1 Nb4 31. Kb1 Nc6 32. Nd5 b6 33. a3 Kb7 34.
Qh1 Qe4 35. Nf6 Qxh1 36. Rxh1 Re7 37. g6 h6 38. Rg1 Rg7 39. Ne8 Rg8 40. g7 Rxe8
41. g8=Q Rxg8 42. Rxg8 Nd4 43. Rg6 Ne2 44. Rf6 Nxf4 45. Rxf5 1-0

[Event "I Torneo Hotel Petra A"]
[Site "Roma ITA"]
[Date "2004.03.09"]
[Round "3"]
[White "Russo, Carmelo"]
[Black "Jones, Gawain C.B."]
[Result "0-1"]
[WhiteElo "1447"]
[BlackElo "2387"]
[PlyCount "54"]
[EventDate "2004.03.08"]

1. Nf3 Nf6 2. g3 d5 3. Bg2 c5 4. d3 Nc6 5. O-O e6 6. b3 b5 7. Bb2 Be7 8. Nbd2
a5 9. c4 bxc4 10. dxc4 O-O 11. a3 Ba6 12. Ne5 Nxe5 13. Bxe5 Nd7 14. Nf3 Nxe5
15. Nxe5 Bf6 16. f4 Bb7 17. Rc1 Rc8 18. Qd2 Bxe5 19. fxe5 Ba8 20. cxd5 exd5 21.
Rf5 Qb6 22. Bxd5 c4+ 23. e3 Bxd5 24. Kf2 Be6 25. Rh5 cxb3 26. Qd3 g6 27. Rh4
Rxc1 0-1

[Event "I Torneo Hotel Petra A"]
[Site "Roma ITA"]
[Date "2004.03.10"]
[Round "4"]
[White "Cavatorta, Fosco"]
[Black "Russo, Carmelo"]
[Result "1-0"]
[WhiteElo "2088"]
[BlackElo "1447"]
[PlyCount "75"]
[EventDate "2004.03.08"]

1. Nf3 c5 2. e4 d6 3. d4 cxd4 4. Nxd4 Nf6 5. Nc3 g6 6. Be3 Bg7 7. f3 O-O 8. Qd2
Nc6 9. g4 Nxd4 10. Bxd4 Be6 11. O-O-O Qa5 12. Kb1 Rfc8 13. a3 a6 14. g5 Nh5 15.
Nd5 Qxd2 16. Rxd2 Bxd5 17. exd5 Bxd4 18. Rxd4 Rc5 19. Bh3 b5 20. Re1 Ra7 21.
Re3 Rc4 22. Rxc4 bxc4 23. Re4 Rc7 24. c3 f5 25. Rd4 Kf8 26. Bf1 Rc5 27. Bxc4 a5
28. b4 axb4 29. cxb4 Rc7 30. Kb2 Ng7 31. Kb3 Ra7 32. a4 Ne8 33. a5 Nc7 34. Ka4
Ke8 35. Rh4 e6 36. Rxh7 Kf8 37. dxe6 d5 38. Rf7+ 1-0

[Event "I Torneo Hotel Petra A"]
[Site "Roma ITA"]
[Date "2004.03.10"]
[Round "4"]
[White "Corvi, Marco"]
[Black "Sibilio, Mario"]
[Result "1/2-1/2"]
[WhiteElo "2295"]
[BlackElo "2361"]
[PlyCount "36"]
[EventDate "2004.03.08"]

1. c4 Nf6 2. Nc3 c5 3. Nf3 g6 4. g3 b6 5. Bg2 Bb7 6. O-O Bg7 7. d4 cxd4 8. Qxd4
Nc6 9. Qd1 O-O 10. Bg5 h6 11. Bf4 Na5 12. b3 d6 13. Rc1 Rc8 14. Re1 Ne4 15.
Nxe4 Bxe4 16. Qd2 g5 17. Be3 d5 18. cxd5 Qxd5 1/2-1/2

[Event "I Torneo Hotel Petra A"]
[Site "Roma ITA"]
[Date "2004.03.10"]
[Round "4"]
[White "Jones, Gawain C.B."]
[Black "Piscopo, Pierluigi"]
[Result "1/2-1/2"]
[WhiteElo "2387"]
[BlackElo "2318"]
[PlyCount "54"]
[EventDate "2004.03.08"]

1. e4 c5 2. Nf3 e6 3. d3 d5 4. Qe2 Nc6 5. g3 Nge7 6. Bg2 g6 7. h4 h6 8. c3 Bg7
9. O-O b6 10. e5 Qc7 11. Re1 Ba6 12. Bf4 g5 13. hxg5 Ng6 14. c4 hxg5 15. Bxg5
Ncxe5 16. Nxe5 Qxe5 17. Qxe5 Nxe5 18. cxd5 Kd7 19. Nc3 Rag8 20. dxe6+ fxe6 21.
Ne4 Nxd3 22. Rad1 Kc7 23. Nf6 Bxf6 24. Bxf6 Nxe1 25. Bxh8 Nxg2 26. Be5+ Kc8 27.
Kxg2 Rf8 1/2-1/2